00404nam a2200145 i 450000100060000000300090000600500170001500700030003200800410003510000300007624500650010626000450017130000210021685200210023741495ES-MaACL20230906160436.0t|030311s1920 uy ||||1| spa d1 aCaravilla Lemos, Enrique.14aLas fuerzas eternas b: (verso) / cEnrique Caravilla Lemos. aMontevideo : bClaudio García, c1920. a94 p. ; c19 cm. aES-MaACLjF-9501